| 000 | 00796nam a22002537a 4500 | ||
|---|---|---|---|
| 003 | DO-SdBNP | ||
| 005 | 20220302111215.0 | ||
| 008 | 210507b2018 dr 00| 0 spa d | ||
| 020 | _a9879945503302 | ||
| 040 |
_aBPMSU _bspa _cBPMSU |
||
| 082 |
_a861.08 _bU81p 2018 _222 |
||
| 100 |
_aUrrutia, Jorge _d1945 - |
||
| 245 | 1 | 0 |
_aPresente continuo : _bantología / _cJorge Urrutia |
| 260 |
_aSanto Domingo : _bEditora Nacional, _c2018 |
||
| 300 |
_a145 p.; _c20 cm. |
||
| 490 | 0 | _aPuentes | |
| 500 | _3Incluyes datos biográficos del autor en la solapa de la cubierta. | ||
| 590 | _6Inventariado, 2022/VM | ||
| 650 | 4 |
_aPoesía española _vColecciones |
|
| 650 | 4 | _aLiteratura española | |
| 710 | 2 | _aMinisterio de Cultura de la República Dominicana | |
| 910 | _aVMateo V. | ||
| 942 |
_2ddc _cBK |
||
| 999 |
_c13463 _d13463 |
||